00553nam a2200169Ia 4500008004100000020001500041041001200056082001600068100001500084245005200099250000800151260002500159650001500184942000700199999001300206952016400219221030s9999 xx 000 0 und d a0070447608 aEnglish a105.23bJai aP. L. Jain 0aPrinciples of Foundry Technologycby P. L. Jain a4th bTMHaNew Delhic2006 aMechanical cBK c860d860 pBE 8407g235.00l0o105.23 Jair2024-06-13 00:00:00w2022-10-30yBK003Print40718RaMIETLIBbMIETLIBcBL-Second, FL-1, CUP-71, SH-6, R-6d2006-11-0310HBE